Asian voyages (Record no. 1071779)

MARC details
000 -LEADER
fixed length control field 00949nam a2200325Ia 4500
003 - CONTROL NUMBER IDENTIFIER
control field OSt
005 - DATE AND TIME OF LATEST TRANSACTION
control field 20221006141639.0
008 - FIXED-LENGTH DATA ELEMENTS--GENERAL INFORMATION
fixed length control field 221006b |||||||| |||| 00| 0 eng d
020 ## - INTERNATIONAL STANDARD BOOK NUMBER
International Standard Book Number 0897894693
-- 9.95
020 ## - INTERNATIONAL STANDARD BOOK NUMBER
International Standard Book Number 9780897894692
037 ## - SOURCE OF ACQUISITION
Terms of availability Textual
040 ## - CATALOGING SOURCE
Original cataloging agency EASL
Transcribing agency EASL
Language of cataloging eng
041 ## - LANGUAGE CODE
Source of code eng
Language code of text/sound track or separate title eng
100 ## - MAIN ENTRY--PERSONAL NAME
Personal name DATHORNE O R
9 (RLIN) 61026
245 #0 - TITLE STATEMENT
Title Asian voyages
Remainder of title Two thousand years of constructing the other
260 ## - PUBLICATION, DISTRIBUTION, ETC.
Place of publication, distribution, etc. Westport
Name of publisher, distributor, etc. Bergin & Garvey
Date of publication, distribution, etc. 1996
300 ## - PHYSICAL DESCRIPTION
Extent 314p.
Dimensions cm.
490 ## - SERIES STATEMENT
Volume/sequential designation CEL
650 ## - SUBJECT ADDED ENTRY--TOPICAL TERM
Topical term or geographic name entry element Africa - history
650 ## - SUBJECT ADDED ENTRY--TOPICAL TERM
Topical term or geographic name entry element America - Discovery and exploration - African
9 (RLIN) 645950
650 ## - SUBJECT ADDED ENTRY--TOPICAL TERM
Topical term or geographic name entry element China - civilization - occidental influences
9 (RLIN) 645951
650 ## - SUBJECT ADDED ENTRY--TOPICAL TERM
Topical term or geographic name entry element Discoveries in geography
9 (RLIN) 645952
650 ## - SUBJECT ADDED ENTRY--TOPICAL TERM
Topical term or geographic name entry element CEL
942 ## - ADDED ENTRY ELEMENTS (KOHA)
Classification part U8.41, N6
Koha item type Textual
Source of classification or shelving scheme Colon Classification (CC)
Holdings
Withdrawn status Lost status Source of classification or shelving scheme Damaged status Use restrictions Not for loan Home library Current library Date acquired Serial Enumeration / chronology Total Checkouts Full call number Barcode Date last seen Price effective from Koha item type
    Colon Classification (CC)       Department of East Asian Studies Library Department of East Asian Studies Library 2022-10-06 CEL   U8.41 N6 EA1012569 2022-10-06 2022-10-06 Textual
Copyright @ Delhi University Library System